00676 a2200181 4500020001500000020001800015082001800033090001500051100002200066245014100088260005000229300002100279700002200300700002300322942003200345999001700377952010000394 a0201854694 a9780201854695 a686.225445369 c1297d12971 aGoossens, Michel.14aThe latex graphics companion :billustrating documents with tex and postscript(R) /cMichel Goossens, Sebastian Rahtz, Frank Mittelbach. a[S.l.] :bAddison-Wesley Professional,c1997. a608 p. ;c24 cm.1 aRahtz, Sebastian.1 aMittelbach, Frank. aSNScBKk686.225445369 GOO c29910d29910 00104070aSNSbSNSd2016-05-26l0o686.225445369 GOOpSNS0001336r2016-05-26w2016-05-26yBK